[Event "III Liga KPZSzach - Sezon 2016/2017"]
[Site "Wojewodztwo Kujawsko-Pomorskie"]
[Date "2017.??.??"]
[Round "5.1"]
[White "Cwik, Jakub"]
[Black "Baumann, Dariusz"]
[Result "0-1"]
[WhiteElo "1837"]
[BlackElo "2074"]
[PlyCount "90"]
[EventDate "2017.??.??"]

1. d4 d5 2. c4 c6 3. Nf3 Nf6 4. Nc3 a6 5. cxd5 cxd5 6. Bf4 Nc6 7. e3 Bf5 8. Be2
h6 9. O-O e6 10. Qb3 Ra7 11. Ne5 Nxe5 12. Bxe5 Nd7 13. Bg3 Be7 14. f3 Bg6 15.
e4 dxe4 16. fxe4 O-O 17. Bf3 b5 18. a4 b4 19. Ne2 Nf6 20. Qe3 Rd7 21. Nf4 Rxd4
22. Nxg6 fxg6 23. Qb3 Qd7 24. Be5 Rd3 25. Qc4 a5 26. Rfd1 Rxd1+ 27. Rxd1 Qc8
28. Qb5 Rd8 29. Rxd8+ Bxd8 30. Qb8 Qc1+ 31. Kf2 Qd2+ 32. Kf1 Kh7 33. Qd6 Qc1+
34. Ke2 Qc8 35. Kd1 Ne8 36. Qd3 Bg5 37. Ke2 Nf6 38. g3 Qc1 39. Qd4 Nd7 40. Bxg7
e5 41. Qxd7 Qe3+ 42. Kd1 Qxf3+ 43. Kc2 b3+ 44. Kb1 Qf1+ 45. Qd1 Qxd1# 0-1

[Event "III Liga KPZSzach - Sezon 2016/2017"]
[Site "Wojewodztwo Kujawsko-Pomorskie"]
[Date "2017.??.??"]
[Round "5.2"]
[White "Kulinski, Krzysztof"]
[Black "Bultrowicz, Leszek"]
[Result "1-0"]
[WhiteElo "2064"]
[BlackElo "1503"]
[PlyCount "61"]
[EventDate "2017.??.??"]

1. Nf3 Nc6 2. e4 e6 3. d4 d5 4. e5 Be7 5. c3 a6 6. Bd3 Bd7 7. O-O Na5 8. Re1 h6
9. Nbd2 b5 10. a3 Rb8 11. Nf1 Bg5 12. Ng3 Bxc1 13. Rxc1 Qe7 14. Nh5 f5 15. exf6
Nxf6 16. Bg6+ Kd8 17. Ne5 Be8 18. Nf4 Rb6 19. Rc2 Rf8 20. Rce2 Ne4 21. Nfd3 Qh4
22. Bxe8 Kxe8 23. Ng6 Qf6 24. Nxf8 Kxf8 25. f3 Ng5 26. Nc5 Rd6 27. h4 Nh7 28.
Rxe6 Qxh4 29. Qe2 Nf6 30. Rxf6+ gxf6 31. Qe8+ 1-0

[Event "III Liga KPZSzach - Sezon 2016/2017"]
[Site "Wojewodztwo Kujawsko-Pomorskie"]
[Date "2017.??.??"]
[Round "5.3"]
[White "Urban, Jacek"]
[Black "Cichocki, Konrad"]
[Result "0-1"]
[WhiteElo "1485"]
[BlackElo "1825"]
[PlyCount "108"]
[EventDate "2017.??.??"]

1. d4 Nf6 2. Nf3 e6 3. g3 c5 4. Bg2 Nc6 5. c3 d5 6. e3 Bd6 7. O-O O-O 8. Re1
Qb6 9. Nbd2 Rd8 10. b3 Bd7 11. Bb2 Be8 12. Rc1 Rac8 13. a3 a5 14. Bf1 Qa7 15.
Bd3 Qb8 16. e4 dxe4 17. Nxe4 Nxe4 18. Bxe4 h6 19. Qe2 cxd4 20. cxd4 Bf8 21.
Red1 Ne7 22. Ne5 Nd5 23. Nc4 Qa7 24. Ne3 Nf6 25. Bg2 Qb6 26. Rd3 Rxc1+ 27. Bxc1
Rxd4 28. Rxd4 Qxd4 29. Bb2 Qb6 30. Qd3 Bc6 31. a4 Bxg2 32. Kxg2 Qc6+ 33. f3 Nd5
34. Nc4 b6 35. Ne5 Qc7 36. Kh3 Bb4 37. Nc4 Bc5 38. Qe4 Qe7 39. f4 Nf6 40. Qe5
Qd7 41. Qe2 Qd5 42. Bxf6 gxf6 43. g4 Qd4 44. Qf3 Kg7 45. Kh4 e5 46. fxe5 fxe5
47. Kh5 e4 48. Qf4 Qf6 49. Qxf6+ Kxf6 50. Nd2 e3 51. Nf3 e2 52. h4 Kg7 53. g5
hxg5 54. hxg5 Bf2 0-1

[Event "III Liga KPZSzach - Sezon 2016/2017"]
[Site "Wojewodztwo Kujawsko-Pomorskie"]
[Date "2017.??.??"]
[Round "5.4"]
[White "Grochowalski, Pawel"]
[Black "Badyra, Wasyl"]
[Result "1-0"]
[WhiteElo "2139"]
[BlackElo "2024"]
[PlyCount "89"]
[EventDate "2017.??.??"]

1. d4 Nf6 2. c4 g6 3. Nc3 Bg7 4. e4 d6 5. Be2 O-O 6. Nf3 Nc6 7. O-O e5 8. d5
Ne7 9. b4 Nd7 10. Nd2 f5 11. Nb3 Nf6 12. f3 f4 13. Bd2 g5 14. c5 h5 15. Rc1 Ne8
16. Qc2 Bd7 17. Na5 b6 18. c6 bxa5 19. cxd7 Qxd7 20. bxa5 a6 21. a3 c5 22. dxc6
Nxc6 23. Nd5 Nd4 24. Qc4 Kh8 25. Nb6 Qa7 26. Kh1 Nxe2 27. Qxe2 Rd8 28. Qc4 Rf7
29. Bb4 g4 30. Rfd1 gxf3 31. gxf3 Bf8 32. Be1 Rc7 33. Qe6 Ng7 34. Qh6+ Kg8 35.
Bh4 Re8 36. Nd5 Rxc1 37. Rxc1 Re6 38. Nf6+ Kf7 39. Rg1 Ke7 40. Nd5+ Ke8 41.
Rxg7 Bxg7 42. Qxe6+ Kf8 43. Be7+ Ke8 44. Bxd6+ Kd8 45. Bc7+ 1-0

[Event "III Liga KPZSzach - Sezon 2016/2017"]
[Site "Wojewodztwo Kujawsko-Pomorskie"]
[Date "2017.??.??"]
[Round "5.5"]
[White "Pyzewska, Ewelina"]
[Black "Cichocka, Katarzyna"]
[Result "0-1"]
[WhiteElo "1321"]
[BlackElo "1593"]
[PlyCount "78"]
[EventDate "2017.??.??"]

1. e4 c5 2. Nf3 d6 3. Bc4 e6 4. Nc3 Nc6 5. d3 Be7 6. a3 Nf6 7. h3 O-O 8. Ba2 a6
9. Be3 d5 10. exd5 exd5 11. Bg5 d4 12. Ne2 Re8 13. O-O h6 14. Bf4 Nd5 15. Bxd5
Qxd5 16. Qd2 Bf6 17. Rfe1 Bxh3 18. Ng3 Bg4 19. Nh2 Bd7 20. Ne4 Be5 21. Nf3 Bxf4
22. Qxf4 Ne5 23. Nxe5 Qxe5 24. Qxe5 Rxe5 25. Nd6 Rg5 26. Re7 Bc6 27. g3 Rh5 28.
f3 Bxf3 29. Kf2 Bd5 30. Rae1 Rh2+ 31. Kf1 Rh1+ 32. Kf2 Rxe1 33. Kxe1 b6 34. Kf2
Kf8 35. Re5 Be6 36. Kf3 Rd8 37. Ne4 Ke7 38. g4 Rd5 39. Rxd5 Bxd5 0-1

[Event "III Liga KPZSzach - Sezon 2016/2017"]
[Site "Wojewodztwo Kujawsko-Pomorskie"]
[Date "2017.??.??"]
[Round "5.6"]
[White "Stasiak, Tomasz"]
[Black "Grabarczyk, Sylwester"]
[Result "0-1"]
[WhiteElo "1637"]
[BlackElo "1799"]
[PlyCount "102"]
[EventDate "2017.??.??"]

1. d4 Nf6 2. Nf3 g6 3. Nbd2 d5 4. c3 b6 5. g3 Bg7 6. Bg2 O-O 7. O-O Bb7 8. Re1
Nbd7 9. Nb3 Re8 10. Bd2 c5 11. dxc5 bxc5 12. Qc1 e5 13. Bg5 c4 14. Nbd2 h6 15.
Bxf6 Nxf6 16. e3 Rc8 17. Rd1 Qb6 18. h3 Nd7 19. Ne1 Nc5 20. Ndf3 Rcd8 21. Rb1
Bc6 22. Rd2 Ne4 23. Re2 Qc5 24. Nd2 Nxd2 25. Rxd2 d4 26. cxd4 exd4 27. Bxc6
Qxc6 28. exd4 Bxd4 29. Nc2 Bc5 30. Rxd8 Rxd8 31. Qe1 Qf3 32. Ne3 Re8 33. Rd1
Bxe3 34. fxe3 Rxe3 35. Rd8+ Kg7 36. Qf2 Qxg3+ 37. Qxg3 Rxg3+ 38. Kh2 Rd3 39.
Rb8 a5 40. Rb5 a4 41. Rb4 a3 42. bxa3 Rxa3 43. Rxc4 Rxa2+ 44. Kg3 Ra3+ 45. Kg2
g5 46. h4 Kg6 47. hxg5 hxg5 48. Rc6+ Kh5 49. Rc5 Ra4 50. Rc7 f5 51. Rf7 Kg4 0-1

[Event "III Liga KPZSzach - Sezon 2016/2017"]
[Site "Wojewodztwo Kujawsko-Pomorskie"]
[Date "2017.??.??"]
[Round "5.7"]
[White "Hetmanski, Waldemar"]
[Black "Winkler, Bogdan"]
[Result "1-0"]
[WhiteElo "1852"]
[BlackElo "1532"]
[PlyCount "53"]
[EventDate "2017.??.??"]

1. d4 Nf6 2. Nf3 e6 3. c4 Bb4+ 4. Nc3 Ne4 5. Qc2 O-O 6. Qxe4 f5 7. Qc2 c5 8. a3
Bxc3+ 9. bxc3 Qc7 10. g3 d6 11. Bg2 Nd7 12. e4 fxe4 13. Ng5 Nf6 14. Nxe4 Nxe4
15. Bxe4 g6 16. O-O Rb8 17. Bh6 Rf6 18. h4 Bd7 19. h5 Be8 20. Bg5 Rf8 21. hxg6
hxg6 22. Kg2 Bc6 23. d5 exd5 24. cxd5 Be8 25. Rh1 Bf7 26. c4 Qd7 27. Qc3 1-0

[Event "III Liga KPZSzach - Sezon 2016/2017"]
[Site "Wojewodztwo Kujawsko-Pomorskie"]
[Date "2017.??.??"]
[Round "5.8"]
[White "Mazur, Stanislaw"]
[Black "Majchrzak, Wojciech"]
[Result "0-1"]
[WhiteElo "1741"]
[BlackElo "1296"]
[PlyCount "28"]
[EventDate "2017.??.??"]

1. e4 e5 2. Nf3 Nf6 3. Nc3 Bc5 4. Bc4 O-O 5. O-O a6 6. a4 c6 7. Nxe5 Bd4 8. d3
Bxe5 9. d4 Bc7 10. e5 Ne8 11. Ne4 d5 12. exd6 Nxd6 13. Bd3 Nxe4 14. Bxe4 Qh4
0-1

[Event "III Liga KPZSzach - Sezon 2016/2017"]
[Site "Wojewodztwo Kujawsko-Pomorskie"]
[Date "2017.??.??"]
[Round "5.11"]
[White "Jaroch, Karol"]
[Black "Kacprzak, Karol"]
[Result "1-0"]
[WhiteElo "2247"]
[BlackElo "1538"]
[PlyCount "45"]
[EventDate "2017.??.??"]

1. Nf3 Nf6 2. b3 c5 3. Bb2 e6 4. e3 Be7 5. d4 d5 6. Bd3 Nc6 7. O-O O-O 8. Nbd2
a6 9. dxc5 Bxc5 10. c4 d4 11. exd4 Nxd4 12. Ne4 Nxf3+ 13. Qxf3 Nxe4 14. Bxe4
Qc7 15. Rad1 h6 16. Bc2 Be7 17. Rfe1 Bb4 18. Re3 Bd7 19. Bxg7 Kxg7 20. Qg4+ Kh8
21. Rh3 Bd2 22. Rxd2 Qe5 23. Rxh6# 1-0

[Event "III Liga KPZSzach - Sezon 2016/2017"]
[Site "Wojewodztwo Kujawsko-Pomorskie"]
[Date "2017.??.??"]
[Round "5.12"]
[White "Paprocki, Stanislaw"]
[Black "Szatkowski, Pawel"]
[Result "1-0"]
[WhiteElo "1518"]
[BlackElo "1243"]
[PlyCount "67"]
[EventDate "2017.??.??"]

1. e4 e5 2. Nf3 Nc6 3. Bc4 Nf6 4. d3 h6 5. c3 Bc5 6. Nbd2 d5 7. exd5 Nxd5 8.
Qb3 Be6 9. Qxb7 Nce7 10. Qb5+ c6 11. Qxc5 Nf4 12. O-O Bxc4 13. dxc4 Nd3 14. Qe3
Nf5 15. Qe4 Nxc1 16. Raxc1 Qc8 17. Qxe5+ Qe6 18. Qxe6+ fxe6 19. Rfe1 Kd7 20.
Ne5+ Kc7 21. Ne4 Rhe8 22. c5 Re7 23. Rcd1 a5 24. g4 Nh4 25. Rd6 Ra6 26. Red1 a4
27. Rd7+ Rxd7 28. Rxd7+ Kc8 29. Nd6+ Kb8 30. Rb7+ Ka8 31. Nd7 Nf3+ 32. Kh1 Ng5
33. Rb8+ Ka7 34. Nc8# 1-0

[Event "III Liga KPZSzach - Sezon 2016/2017"]
[Site "Wojewodztwo Kujawsko-Pomorskie"]
[Date "2017.??.??"]
[Round "5.13"]
[White "Kozlowski, Michal"]
[Black "Kacprzak, Kacper"]
[Result "0-1"]
[WhiteElo "1259"]
[BlackElo "1574"]
[PlyCount "78"]
[EventDate "2017.??.??"]

1. e4 e6 2. d4 d5 3. exd5 exd5 4. Bd3 Bd6 5. Nc3 Ne7 6. Nge2 Nbc6 7. Be3 Nb4 8.
a3 Nxd3+ 9. Qxd3 c6 10. h3 Bf5 11. Qd2 O-O 12. O-O-O b5 13. g4 Be6 14. f4 f5
15. g5 a5 16. Nb1 b4 17. a4 Bf7 18. Ng3 Qc7 19. h4 Ng6 20. Rdf1 Be6 21. Ne2 Bd7
22. h5 Ne7 23. Kd1 Rae8 24. Rh3 Bc8 25. Rf2 Ba6 26. Rhf3 Nc8 27. Qc1 Bxe2+ 28.
Rxe2 c5 29. Nd2 cxd4 30. Bxd4 Rxe2 31. Kxe2 Bxf4 32. Be3 Re8 33. Kf2 Bxe3+ 34.
Rxe3 Qh2+ 35. Kf3 Qh3+ 36. Kf2 Qxe3+ 37. Kg2 Qe2+ 38. Kg1 Qe1+ 39. Qxe1 Rxe1+
0-1

[Event "III Liga KPZSzach - Sezon 2016/2017"]
[Site "Wojewodztwo Kujawsko-Pomorskie"]
[Date "2017.??.??"]
[Round "5.14"]
[White "Paprocki, Antoni"]
[Black "Zygadlo, Kajetan"]
[Result "1-0"]
[WhiteElo "1399"]
[BlackElo "1392"]
[PlyCount "79"]
[EventDate "2017.??.??"]

1. e4 c5 2. Nf3 d6 3. d4 cxd4 4. Nxd4 Nf6 5. Nc3 g6 6. Be3 Bg7 7. f3 O-O 8. Bc4
Nc6 9. Qd2 Bd7 10. O-O-O a6 11. g4 Na5 12. Bb3 Nxb3+ 13. Nxb3 b5 14. h4 b4 15.
Ne2 a5 16. Kb1 Ba4 17. h5 Bxb3 18. cxb3 Qd7 19. hxg6 fxg6 20. Bh6 Bxh6 21. Qxh6
e5 22. Qd2 Rfd8 23. g5 Nh5 24. f4 Qc6 25. Qe3 exf4 26. Nxf4 Re8 27. Nxh5 gxh5
28. Rxh5 Rxe4 29. Qd3 Rc8 30. Rh6 Re7 31. Rxd6 Qc5 32. g6 Qg5 33. gxh7+ Rxh7
34. Rg6+ Qxg6 35. Qxg6+ Kh8 36. Qf6+ Rg7 37. Rh1+ Kg8 38. Qe6+ Rf7 39. Qxc8+
Kg7 40. Rg1+ 1-0

[Event "III Liga KPZSzach - Sezon 2016/2017"]
[Site "Wojewodztwo Kujawsko-Pomorskie"]
[Date "2017.??.??"]
[Round "5.16"]
[White "Gawronski, Miroslaw"]
[Black "Szybowicz, Piotr"]
[Result "0-1"]
[WhiteElo "2066"]
[BlackElo "1934"]
[PlyCount "126"]
[EventDate "2017.??.??"]

1. c4 e6 2. Nc3 d5 3. d4 Nf6 4. Nf3 Bb4 5. Qb3 Qe7 6. a3 Bxc3+ 7. bxc3 b6 8. e3
Bb7 9. a4 Nbd7 10. c5 Rb8 11. cxb6 axb6 12. Ba3 c5 13. Rb1 O-O 14. Be2 Rfc8 15.
O-O Qd8 16. Rfc1 c4 17. Qc2 Ne4 18. Bb4 Bc6 19. Ra1 Ra8 20. Ra2 Ra7 21. Rca1
Rca8 22. Bd1 f5 23. g3 g5 24. Nd2 Nxd2 25. Qxd2 Nf6 26. h3 Be8 27. f3 h6 28. g4
Qc7 29. Qg2 fxg4 30. hxg4 Bg6 31. Qh3 Kg7 32. Rh2 Rh8 33. Raa2 Raa8 34. Rag2
Rh7 35. Qg3 Qxg3 36. Rxg3 Be8 37. Ra2 Kg8 38. Rh3 Kg7 39. Bd6 Bg6 40. Be5 Kf7
41. Rah2 h5 42. gxh5 Bf5 43. Rg3 Rxh5 44. Rxh5 Nxh5 45. Rxg5 Nf6 46. Rg2 b5 47.
Ra2 bxa4 48. Rxa4 Rg8+ 49. Kf2 Rc8 50. Ra7+ Kg6 51. Be2 Rc6 52. Ra3 Rb6 53. e4
dxe4 54. Bxc4 Rb2+ 55. Be2 exf3 56. Kxf3 Bg4+ 57. Kg3 Bxe2 58. Ra7 Bc4 59. Rc7
Bd5 60. c4 Be4 61. Kf4 Rf2+ 62. Ke3 Rf3+ 63. Ke2 Rh3 {zapis nieczytelny} 0-1

[Event "III Liga KPZSzach - Sezon 2016/2017"]
[Site "Wojewodztwo Kujawsko-Pomorskie"]
[Date "2017.??.??"]
[Round "5.17"]
[White "Wargulec, Dariusz"]
[Black "Kwiatkowski, Jacek"]
[Result "1-0"]
[WhiteElo "1934"]
[BlackElo "1822"]
[PlyCount "61"]
[EventDate "2017.??.??"]

1. d4 Nf6 2. Bg5 c5 3. d5 Qa5+ 4. c3 d6 5. Bxf6 exf6 6. e4 f5 7. Bd3 fxe4 8.
Qe2 Be7 9. Bxe4 Nd7 10. Nd2 Nf6 11. Ngf3 O-O 12. O-O Re8 13. Bc2 b5 14. a4 Nxd5
15. axb5 Qb6 16. Qe4 g6 17. Qxd5 Be6 18. Qc6 Qxc6 19. bxc6 Reb8 20. Rfb1 Rb6
21. c4 f5 22. Ba4 Bf6 23. Ra2 Rab8 24. Bb5 Rxb5 25. Re1 Bf7 26. c7 Rc8 27. cxb5
Bxa2 28. Ra1 Bd5 29. Rxa7 Kf7 30. b3 Ke6 31. Nc4 1-0

[Event "III Liga KPZSzach - Sezon 2016/2017"]
[Site "Wojewodztwo Kujawsko-Pomorskie"]
[Date "2017.??.??"]
[Round "5.18"]
[White "Chodorowski, Dawid"]
[Black "Kadukowski, Pawel"]
[Result "1/2-1/2"]
[WhiteElo "1872"]
[BlackElo "1766"]
[PlyCount "64"]
[EventDate "2017.??.??"]

1. g3 Nf6 2. Bg2 d5 3. d3 e5 4. Bg5 c6 5. Nf3 Nbd7 6. O-O h6 7. Bxf6 Qxf6 8.
Nfd2 e4 9. Nc3 exd3 10. cxd3 Bb4 11. Qb3 a5 12. a3 Bxc3 13. bxc3 O-O 14. a4 Nc5
15. Qa3 b6 16. Rab1 Rb8 17. d4 Na6 18. e4 Nc7 19. e5 Qd8 20. f4 Bf5 21. Rbe1 b5
22. Qc5 Qd7 23. Ra1 Ne6 24. Qa3 b4 25. Qc1 c5 26. c4 Nxd4 27. Qb2 Bd3 28. cxd5
Bxf1 29. Kxf1 Qf5 30. Ne4 Qc8 31. Rc1 Qa6+ 32. Kf2 Nf5 1/2-1/2

[Event "III Liga KPZSzach - Sezon 2016/2017"]
[Site "Wojewodztwo Kujawsko-Pomorskie"]
[Date "2017.??.??"]
[Round "5.19"]
[White "Bialas, Jerzy"]
[Black "Budrewicz, Jan"]
[Result "1/2-1/2"]
[WhiteElo "1667"]
[BlackElo "1840"]
[PlyCount "100"]
[EventDate "2017.??.??"]

1. e4 c5 2. c3 d5 3. exd5 Qxd5 4. d4 cxd4 5. cxd4 Nc6 6. Nf3 e6 7. Nc3 Qd8 8.
Be2 Nf6 9. O-O Be7 10. Be3 O-O 11. Qb3 a6 12. Rfd1 Nb4 13. a3 Nbd5 14. Nxd5
exd5 15. Ne5 h6 16. Bf3 a5 17. Rdc1 a4 18. Qc3 Bd6 19. b4 Bf5 20. g3 Ne4 21.
Qe1 f6 22. Nd3 Re8 23. Nc5 Re7 24. Nxe4 Bxe4 25. Bxe4 Rxe4 26. Qd2 Qd7 27. Rc3
Rae8 28. Re1 f5 29. f3 R4e7 30. Bf2 Rxe1+ 31. Bxe1 Kf7 32. Re3 Rxe3 33. Qxe3
Qe6 34. Qxe6+ Kxe6 35. f4 Kf6 36. Bd2 g5 37. Kf2 g4 38. Ke3 h5 39. Kd3 Ke6 40.
Be1 Kd7 41. Kc3 Kc6 42. Bf2 Kb5 43. Be1 Kc6 44. Bf2 Kd7 45. Be1 Ke6 46. Kd3 Kf7
47. Ke3 Kg6 48. Bd2 h4 49. Kd3 Kh5 50. Ke3 b5 1/2-1/2

[Event "III Liga KPZSzach - Sezon 2016/2017"]
[Site "Wojewodztwo Kujawsko-Pomorskie"]
[Date "2017.??.??"]
[Round "5.20"]
[White "Budkiewicz, Lucyna"]
[Black "Karwowska, Danuta"]
[Result "1-0"]
[WhiteElo "1452"]
[BlackElo "1294"]
[PlyCount "85"]
[EventDate "2017.??.??"]

1. e4 d5 2. exd5 Nf6 3. Nc3 Nxd5 4. Nxd5 Qxd5 5. Nf3 Bg4 6. Be2 Nc6 7. c3 e5 8.
Qa4 Bd7 9. Qh4 Be7 10. Qg3 Bf6 11. O-O O-O 12. d3 Rfe8 13. Nd2 Bf5 14. Rd1 Be7
15. Nc4 Bd6 16. Qg5 Qe6 17. Ne3 g6 18. g4 Bxd3 19. Bxd3 Be7 20. Qh6 Rad8 21.
Qh3 e4 22. Bc2 Rxd1+ 23. Bxd1 Ne5 24. Qg2 Qc6 25. Nc2 Nc4 26. Nd4 Qd7 27. Qxe4
Bc5 28. Qd3 Re1+ 29. Kg2 Ne5 30. Qd2 Qd5+ 31. f3 Rxd1 32. Qxd1 Nxg4 33. Bf4 Bd6
34. Kg1 Bxf4 35. fxg4 Be3+ 36. Kf1 Qh1+ 37. Ke2 Qe4 38. Qd3 Qg2+ 39. Kxe3 Qxh2
40. Nf3 Qh6+ 41. g5 Qf8 42. Re1 Qc5+ 43. Kd2 1-0

[Event "III Liga KPZSzach - Sezon 2016/2017"]
[Site "Wojewodztwo Kujawsko-Pomorskie"]
[Date "2017.??.??"]
[Round "5.21"]
[White "Bieluszewski, Robert"]
[Black "Jablonski, Miroslaw"]
[Result "0-1"]
[WhiteElo "1859"]
[BlackElo "1939"]
[PlyCount "56"]
[EventDate "2017.??.??"]

1. c4 c6 2. e4 d5 3. exd5 cxd5 4. d4 Nf6 5. Nc3 Nc6 6. cxd5 Nxd5 7. Nf3 g6 8.
Be2 Bg7 9. O-O O-O 10. Be3 Nxe3 11. fxe3 Bh6 12. Qd2 Bg4 13. Rae1 Qd7 14. Bc4
Bxf3 15. Rxf3 Ne5 16. Rh3 Nxc4 17. Qe2 Bxe3+ 18. Kh1 Qxd4 19. b3 Qxc3 20. bxc4
Qd2 21. Qxe3 Qxe3 22. Rhxe3 e6 23. Rb3 b6 24. Re4 Rfc8 25. g3 Rc5 26. h4 Rac8
27. Ra3 a5 28. Rb3 Rxc4 0-1

[Event "III Liga KPZSzach - Sezon 2016/2017"]
[Site "Wojewodztwo Kujawsko-Pomorskie"]
[Date "2017.??.??"]
[Round "5.22"]
[White "Tamon, Radoslaw"]
[Black "Luchowski, Ferdynand"]
[Result "1-0"]
[WhiteElo "1816"]
[BlackElo "1579"]
[PlyCount "79"]
[EventDate "2017.??.??"]

1. Nf3 Nf6 2. g3 d5 3. Bg2 e6 4. d4 Be7 5. Bf4 O-O 6. O-O Nh5 7. Bd2 Nf6 8. Bg5
h6 9. Bxf6 Bxf6 10. c3 Nd7 11. Nbd2 c6 12. e4 dxe4 13. Nxe4 Qc7 14. Nxf6+ Nxf6
15. Ne5 Nd7 16. f4 Nf6 17. Qe2 Bd7 18. Rad1 Rad8 19. Qc4 Qb6 20. Rf2 Bc8 21.
Re1 a6 22. Bh3 Nd5 23. b4 Bd7 24. Qd3 Nf6 25. g4 Nh7 26. Bg2 Qc7 27. Be4 Nf6
28. g5 Nxe4 29. Qxe4 Be8 30. gxh6 g6 31. Re3 Kh7 32. Nf3 Qd6 33. Ng5+ Kh8 34.
Qe5+ Qxe5 35. fxe5 Kg8 36. h7+ Kg7 37. Nxe6+ fxe6 38. Rxf8 Kxh7 39. Rh3+ Kg7
40. Rhh8 1-0

[Event "III Liga KPZSzach - Sezon 2016/2017"]
[Site "Wojewodztwo Kujawsko-Pomorskie"]
[Date "2017.??.??"]
[Round "5.23"]
[White "Bieluszewski, Lukasz"]
[Black "Darowicki, Mariusz"]
[Result "0-1"]
[WhiteElo "1646"]
[BlackElo "1926"]
[PlyCount "92"]
[EventDate "2017.??.??"]

1. c4 e5 2. Nc3 Nc6 3. g3 f5 4. Bg2 Nf6 5. d3 Bc5 6. Nf3 O-O 7. Bg5 h6 8. Bxf6
Rxf6 9. Nd5 Rf8 10. a3 e4 11. Nh4 f4 12. e3 fxe3 13. fxe3 exd3 14. Qxd3 Ne5 15.
Qc2 c6 16. b4 Be7 17. Nxe7+ Qxe7 18. O-O-O a5 19. c5 axb4 20. Qb3+ Qf7 21.
Qxf7+ Rxf7 22. Rhf1 Rxa3 23. Rxf7 Nxf7 24. Nf5 Ra1+ 25. Kd2 Ra2+ 26. Kd3 d5 27.
Ne7+ Kf8 28. Nxc8 Rxg2 29. Rf1 Ke8 30. e4 dxe4+ 31. Kxe4 b3 32. Kf5 b2 33. Re1+
Kd8 34. Nb6 Rf2+ 35. Kg6 Ne5+ 36. Kxg7 Rc2 37. Rd1+ Ke7 38. g4 Nc4 39. Re1+ Kd8
40. Nxc4 Rxc4 41. Rb1 Rxg4+ 42. Kxh6 Rh4+ 43. Kg5 Rxh2 44. Kf6 Kd7 45. Re1 Rf2+
46. Kg5 Rc2 0-1

[Event "III Liga KPZSzach - Sezon 2016/2017"]
[Site "Wojewodztwo Kujawsko-Pomorski"]
[Date "2017.??.??"]
[Round "5.24"]
[White "Zajac, Robert"]
[Black "Malinowski, Tomasz"]
[Result "0-1"]
[WhiteElo "1859"]
[BlackElo "1939"]
[PlyCount "84"]
[EventDate "2017.??.??"]

1. d4 Nf6 2. Bf4 d6 3. c4 g6 4. Nf3 Bg7 5. Nc3 O-O 6. g3 Re8 7. e4 c6 8. Rb1
Nh5 9. Bg5 Qc7 10. Qd2 Bh8 11. Bg2 Nd7 12. O-O Nf8 13. Ne2 Nf6 14. Qd3 Bd7 15.
Bd2 Rad8 16. Rfe1 a6 17. Nf4 e5 18. Ne2 Ne6 19. d5 Nc5 20. Qa3 Ncxe4 21. Be3
cxd5 22. cxd5 Nxd5 23. Bh6 Bc6 24. Qb3 Ndf6 25. Be3 Nd5 26. Bh6 Bg7 27. Bc1 Qb6
28. Qc4 Qxf2+ 29. Kh1 Ne3 30. Bxe3 Qxe3 31. h3 Nf2+ 32. Kh2 Bxf3 33. Ng1 Qd3
34. Qxd3 Nxd3 35. Bxf3 Nxe1 36. Rxe1 d5 37. b3 e4 38. Bg2 f5 39. Rc1 Rc8 40.
Rxc8 Rxc8 41. Ne2 d4 42. Kg1 d3 0-1